Normal view
MARC view
- Orellana Garrido, Jacobo
Entry Nombre Personal
001 - NUMERO DE CONTROL
- campo de control: 49005
003 - IDENTIFICADOR DE NUMERO DE CONTROL
- campo de control: DLC
005 - FECHA Y HORA DE LA ÜLTIMA TRANSACCIÓN
- campo de control: 20230523161359.0
008 - DATOS DE LONGITUD FIJA
- campo de control de longitud fija: 200221n| azannaabn |a aaa
010 ## - NÚMERO DE CONTROL DE LA BIBLIOTECA DEL CONGRESO
- Número de control LC: nb2020003567
035 ## - NUMERO DE CONTROL
- Número de control: (Uk)010753429
040 ## - FUENTE DE CATALOGACIÓN
- Agencia original de catalogación: Uk
- Lenguaje de catalogación: spa
- Description conventions: rda
- Agencia de transcripción: Uk
- Agencia que lo modifica: MX-MxUPN
046 ## - FECHAS CON CODIFICACIÓN ESPECIAL
- Fecha de comienzo: 19
100 1# - ENCABEZAMIENTO - NOMBRE PERSONAL
- Nombre personal: Orellana Garrido, Jacobo
370 ## - LUGAR ASOCIADO
- Other associated place: Madrid (España)
377 ## - LENGUA ASOCIADA
- Language code: spa
400 1# - VEÁSE - NOMBRE DE PERSONA
- Personal name: Orellana, Jacobo
670 ## - FUENTE EN LA QUE SE LOCALIZARON DATOS
- Cita de la fuente: Reducción de las letras y arte para enseñar a hablar a los mudos, 1992:
- Información localizada: portada (Jacobo Orellana Garrido) p. 25 (Jacobo Orellana; Madrid 1929)
670 ## - FUENTE EN LA QUE SE LOCALIZARON DATOS
- Cita de la fuente: El método Decroly aplicado a la escuela, 1935:
- Información localizada: portada (traducción de Jacobo Orellana Garrido; profesor en el Instituto Nacional de Sordomudos, Ciegos y Anormales de Madrid)
902 ## - CATALOGADOR
- Catalogador: Víctor Ruiz/230523
